00440nam a2200169 a 4500001001300000003000900013005001700022008004100039020001000080082001300090245003400103260004300137300000900180500003500189650001700224710002900241nice12345678IN_TiNIC20260116015345.0091231s0000 pooa grp 000 0 eng  ac10000a248bCHR aIndian Spiriluality in Action aPoona bChrist Prem Seva Ashram c0000 a190p aincludes index and biblioraphy aSpirituality2 aAsan Tradind Cor[oration